Giáo trình tâm lý học quản lý kinh tế

Enregistré dans:
Détails bibliographiques
Auteur principal: Trần Thị Thúy Sửu
Format: Livre
Publié: Khoa học và kỹ thuật 2000
Tags: Ajouter un tag
Pas de tags, Soyez le premier à ajouter un tag!
Thư viện lưu trữ: Mạng thư viện Đại học Đà Nẵng
LEADER 00634nam a2200229 a 4500
001 000029260
003 1059
005 20171030145630.0
008 171030s2000
020 |c 23000 
040 |a LTT 
082 0 |a 330.02  |b TR-S 
100 1 |a Trần Thị Thúy Sửu 
245 0 0 |a Giáo trình tâm lý học quản lý kinh tế  |c Trần Thị Thuý Sửu, Lê Thị Anh Vân, Đỗ Hoàng Toàn. 
260 |b Khoa học và kỹ thuật  |c 2000 
OWN |a LTT 
999 |a From the UDN01 
TYP |a Monograph 
TYP |a Printed language 
980 |a Mạng thư viện Đại học Đà Nẵng